000 01589nam a2200325 c 4500
999 _c342024
_d342024
003 BLK
005 20200421135449.0
008 180911b bul|||||r ||||||| ||bul||
010 _a001657
040 _aBLK
041 _aBUL
_cBUL
080 _z886.7-1
100 1 _aМИРЧЕВ, Иван
_eпърви автор
_9396665
245 0 0 _aКажете небеса
246 _pлирика-стихотворения
260 _aСофия
_bИзд. авт.
_c1942
_fСтара Загора : печ. Светлина
300 _a80 с
_c21 см
380 _a82
490 _aЧастна колекция - Академик Михаил Арнаудов
_gДарение - Основен фонд
500 _aМихаил Арнаудов: негови-книга, негови-лист-ръкопис. - Подчертавания в текста инв. № 321295. Бележка : За песимизма, преобладаващ у някои нови лирици и отбелязва място в книгата : с. 14.
500 _aАвтограф с текст: На проф. М. Арнаудов, в памет на първата ни среща в Стара Загора - 26 октомв. 1954 Ив. Мирчев (инв. № 321295).
500 _aАвтограф с текст: На проф. Михаил Арнаудов (инв. № 590696).
650 _aПоезия
_9166642
653 _aлирика
653 _aстихотворения
655 _aбългарска литература
_9396199
700 1 _aИван Мирчев
_9396666
852 _aМА 151
_bМА
942 _cKNG
_n0
_s1
944 _aCR
_c1994
_kЕлена
999 _d342024
999 _d342024